[Event "GER-ch Net blitz qual4"]
[Site "Playchess.com INT"]
[Date "2021.05.10"]
[Round "6"]
[White "Knaak, Joachim"]
[Black "Sabrowski, Uwe"]
[Result "1-0"]
[WhiteElo "1999"]
[BlackElo "1773"]
[PlyCount "149"]
[EventDate "2021.05.10"]
[EventType "swiss (blitz)"]
[EventRounds "11"]
[EventCountry "GER"]
[SourceTitle "CBM 202 Extra"]
[Source "ChessBase"]
[SourceDate "2021.07.31"]
[SourceVersion "1"]
[SourceVersionDate "2021.07.31"]
[SourceQuality "1"]

1. d4 f5 2. g3 Nf6 3. Bg2 g6 4. Nf3 Bg7 5. 0-0 0-0 6. c4 d6 7. Nc3 Qe8 8. d5 a5 9. b3 Ne4 10. Nxe4 Bxa1 11. Neg5 Bg7 12. Nd4 Na6 13. Nde6 b6 14. Nxg7 Kxg7 15. Ne6+ Bxe6 16. dxe6 Ra7 17. Bb2+ Kg8 18. Qd4 Rf6 19. Qe3 Qf8 20. a3 Nc5 21. h4 f4 22. Qc3 Qh6 23. Qc2 g5 24. Bxf6 Qxf6 25. hxg5 Qxg5 26. Qc3 Qg6 27. gxf4 Qg7 28. Qxg7+ Kxg7 29. Rb1 Nxe6 30. e3 Nf8 31. Bf3 Kf6 32. Kf1 e6 33. Ke2 Ng6 34. Rh1 Kg7 35. Be4 b5 36. cxb5 a4 37. b4 d5 38. Bd3 Rb7 39. Rc1 Ne7 40. Rc5 Nf5 41. Bxf5 exf5 42. Rxd5 Kg6 43. Kf3 h6 44. Kg3 h5 45. Rc5 Kf6 46. Kh4 Ke6 47. Kxh5 Rb6 48. Kg5 Rb8 49. Re5+ Kd6 50. Kxf5 Rf8+ 51. Ke4 Rh8 52. Rc5 Rh2 53. Kf3 Rh3+ 54. Ke2 Rh1 55. Rc6+ Kd7 56. Ra6 Rh5 57. Rxa4 Rxb5 58. e4 Rh5 59. f3 Rh1 60. f5 Kd6 61. Ra5 Rb1 62. Ke3 Rb3+ 63. Kf4 Ke7 64. Ra6 Rd3 65. Kg4 Rb3 66. f4 Rb1 67. f6+ Kf7 68. Kf5 Rh1 69. e5 Rh5+ 70. Ke4 Rh1 71. Ra7 Re1+ 72. Kf5 Rc1 73. e6+ Kg8 74. Ra8+ Kh7 75. e7 1-0

[Event "GER-ch Net blitz qual4"]
[Site "Playchess.com INT"]
[Date "2021.05.10"]
[Round "5"]
[White "Sabrowski, Uwe"]
[Black "Pauly, Markus"]
[Result "0-1"]
[WhiteElo "1773"]
[BlackElo "1975"]
[PlyCount "60"]
[EventDate "2021.05.10"]
[EventType "swiss (blitz)"]
[EventRounds "11"]
[EventCountry "GER"]
[SourceTitle "CBM 202 Extra"]
[Source "ChessBase"]
[SourceDate "2021.07.31"]
[SourceVersion "1"]
[SourceVersionDate "2021.07.31"]
[SourceQuality "1"]

1. d4 d5 2. c4 c6 3. Nf3 Nf6 4. Nc3 dxc4 5. a4 Bf5 6. Ne5 Nbd7 7. Nxc4 Qc7 8. g3 e5 9. Bg2 exd4 10. Qxd4 Bc5 11. Qd1 0-0 12. 0-0 Rad8 13. Bf4 Qc8 14. Nd6 Bxd6 15. Bxd6 Nb6 16. Qd4 Ne8 17. a5 Rxd6 18. Qc5 Na8 19. e4 Bh3 20. e5 Rd2 21. Qb4 Bxg2 22. Kxg2 c5 23. Qf4 Qc6+ 24. Kg1 Rxb2 25. Ne4 Nac7 26. Rac1 b6 27. axb6 axb6 28. h4 Ne6 29. Qg4 Rb4 30. f3 f5 0-1

[Event "GER-ch Net blitz qual3"]
[Site "Playchess.com INT"]
[Date "2021.05.07"]
[Round "8"]
[White "Syre, Christian"]
[Black "Sabrowski, Uwe"]
[Result "1/2-1/2"]
[WhiteElo "1777"]
[BlackElo "1767"]
[PlyCount "83"]
[EventDate "2021.05.07"]
[EventType "swiss (blitz)"]
[EventRounds "11"]
[EventCountry "GER"]
[SourceTitle "CBM 202 Extra"]
[Source "ChessBase"]
[SourceDate "2021.07.31"]
[SourceVersion "1"]
[SourceVersionDate "2021.07.31"]
[SourceQuality "1"]

1. d4 f5 2. Bg5 d6 3. Nc3 Nd7 4. e4 fxe4 5. Nxe4 Ngf6 6. Bd3 c6 7. Nf3 Nxe4 8. Bxe4 Nf6 9. Bxf6 exf6 10. Qd3 Qa5+ 11. c3 Bg4 12. 0-0 Bxf3 13. Qxf3 Be7 14. Rfe1 Kf8 15. Bf5 Re8 16. Bd7 Rd8 17. Be6 Re8 18. Re3 g6 19. Rae1 Qc7 20. Qh3 Kg7 21. Bd7 f5 22. Bxe8 Rxe8 23. Re6 Qd7 24. Qe3 Kf7 25. f4 d5 26. Qe5 h5 27. g3 a6 28. b4 Qd8 29. Kg2 Qd7 30. h4 Qd8 31. a4 Qd7 32. Re2 Qd8 33. b5 Qd7 34. bxa6 bxa6 35. Rb2 Rd8 36. Rb6 Rc8 37. Qe2 Rc7 38. Re5 a5 39. Qa6 Bf6 40. Kh3 Bxe5 41. dxe5 d4 42. cxd4 1/2-1/2

[Event "GER-ch Net blitz qual2"]
[Site "Playchess.com INT"]
[Date "2021.05.04"]
[Round "8"]
[White "Gustain, Marc"]
[Black "Sabrowski, Uwe"]
[Result "1-0"]
[WhiteElo "1958"]
[BlackElo "1768"]
[PlyCount "103"]
[EventDate "2021.05.04"]
[EventType "swiss (blitz)"]
[EventRounds "11"]
[EventCountry "GER"]
[SourceTitle "CBM 202 Extra"]
[Source "ChessBase"]
[SourceDate "2021.07.31"]
[SourceVersion "1"]
[SourceVersionDate "2021.07.31"]
[SourceQuality "1"]

1. d4 f5 2. Bf4 Nf6 3. e3 g6 4. h4 Bg7 5. h5 d6 6. hxg6 hxg6 7. Rxh8+ Bxh8 8. Nf3 Be6 9. Ng5 Bg8 10. Nd2 Nbd7 11. Bc4 d5 12. Bd3 e6 13. Qe2 Nb6 14. 0-0-0 Qd7 15. Kb1 0-0-0 16. c4 dxc4 17. Nxc4 Nfd5 18. Bg3 Qe7 19. Nf3 Nxc4 20. Bxc4 Nb6 21. Bb3 Bf7 22. Rc1 c6 23. Ne5 Bxe5 24. Bxe5 Nd5 25. Qf3 g5 26. g4 fxg4 27. Qxg4 Bg6+ 28. Ka1 Bf5 29. Qg3 Nb4 30. Rh1 Nd3 31. Rg1 g4 32. Rh1 Qb4 33. Bb8 Qe7 34. Bxa7 Nb4 35. Qb8+ Kd7 36. Qxb7+ Ke8 37. Rh8+ Kf7 38. Qxe7+ Kxe7 39. Bc5+ Kf7 40. Rxd8 Nd3 41. a4 Nxf2 42. a5 g3 43. Rd7+ Kf6 44. Bd6 g2 45. Be5+ Kg6 46. Rg7+ Kh5 47. Rxg2 Nh3 48. Rh2 Kg6 49. a6 Ng5 50. a7 c5 51. a8Q c4 52. Qg8# 1-0

[Event "GER-ch Net blitz qual2"]
[Site "Playchess.com INT"]
[Date "2021.05.04"]
[Round "11"]
[White "Sabrowski, Uwe"]
[Black "Majcan, Tom"]
[Result "1-0"]
[WhiteElo "1768"]
[BlackElo "1620"]
[PlyCount "103"]
[EventDate "2021.05.04"]
[EventType "swiss (blitz)"]
[EventRounds "11"]
[EventCountry "GER"]
[SourceTitle "CBM 202 Extra"]
[Source "ChessBase"]
[SourceDate "2021.07.31"]
[SourceVersion "1"]
[SourceVersionDate "2021.07.31"]
[SourceQuality "1"]

1. d4 Nf6 2. c4 e6 3. Nc3 d5 4. cxd5 exd5 5. Bg5 Be7 6. e3 b6 7. Bd3 Bb7 8. Nf3 Nbd7 9. 0-0 0-0 10. Rc1 Rc8 11. a3 Ne4 12. Bf4 Ndf6 13. Ne5 c5 14. Ne2 Nh5 15. f3 Nxf4 16. Nxf4 Nf6 17. Qa4 a5 18. Bb5 Bd6 19. Nfd3 h6 20. Qd1 c4 21. Nf2 Bc6 22. Nxc6 Qc7 23. Ne5 Bxe5 24. dxe5 Qxe5 25. Qd4 Qd6 26. Rcd1 Rc5 27. a4 Rfc8 28. Ne4 Nxe4 29. Qxe4 Qf6 30. Qd4 Qg6 31. e4 dxe4 32. Qxe4 Qf6 33. Rd2 c3 34. bxc3 Rxc3 35. Rfd1 Rc1 36. Rxc1 Rxc1+ 37. Kf2 Rc8 38. Qd4 Qg6 39. Re2 Rf8 40. Bd3 Qc6 41. Qe4 Qxe4 42. Rxe4 f5 43. Re6 Kh8 44. Rxb6 Rd8 45. Ke3 Rd5 46. Rb5 Rd6 47. Rxa5 Re6+ 48. Kf2 f4 49. Rf5 g6 50. Rxf4 Kg7 51. a5 Ra6 52. Bxa6 1-0

[Event "GER-ch Net blitz qual2"]
[Site "Playchess.com INT"]
[Date "2021.05.04"]
[Round "10"]
[White "Sabrowski, Uwe"]
[Black "Schuette, Marco"]
[Result "1/2-1/2"]
[WhiteElo "1768"]
[BlackElo "1739"]
[PlyCount "248"]
[EventDate "2021.05.04"]
[EventType "swiss (blitz)"]
[EventRounds "11"]
[EventCountry "GER"]
[SourceTitle "CBM 202 Extra"]
[Source "ChessBase"]
[SourceDate "2021.07.31"]
[SourceVersion "1"]
[SourceVersionDate "2021.07.31"]
[SourceQuality "1"]

1. d4 Nf6 2. c4 c5 3. d5 b5 4. cxb5 a6 5. bxa6 Bxa6 6. Nc3 d6 7. Nf3 g6 8. g3 Bg7 9. Bg2 0-0 10. 0-0 Nbd7 11. Rb1 Bc4 12. b3 Ba6 13. Bb2 Nb6 14. Re1 Nfd7 15. Qc2 Qc7 16. e4 Rfb8 17. Nd1 Qa7 18. Bxg7 Kxg7 19. Ne3 Bb7 20. a4 f6 21. h4 h5 22. Qc3 Qa5 23. Qxa5 Rxa5 24. Bf1 Ba6 25. Bxa6 Rxa6 26. Nd2 Ne5 27. f4 Nd3 28. Red1 Nb4 29. Ndc4 Nxc4 30. Nxc4 Ra7 31. a5 Na2 32. Rb2 Nc3 33. Re1 Nb5 34. e5 Nd4 35. exd6 exd6 36. Nxd6 Rxb3 37. Rxb3 Nxb3 38. Ne8+ Kf7 39. d6 Nxa5 40. Nc7 Nc6 41. Rc1 Nd8 42. Rxc5 Ra1+ 43. Kg2 Rd1 44. Nb5 Ke6 45. Rc2 Rd5 46. Re2+ Kd7 47. Rb2 Nc6 48. Kf3 Nd4+ 49. Ke4 Rxb5 50. Ra2 Rb7 51. Kxd4 Kxd6 52. Ra6+ Ke7 53. Ke4 Kf7 54. Kf3 Rb3+ 55. Kg2 Rb7 56. Kh3 Rc7 57. Rd6 Ra7 58. Rd4 Rb7 59. Rc4 Ra7 60. Rb4 Rd7 61. Rb3 Ke6 62. Re3+ Kf7 63. Rb3 Ra7 64. Rb6 Kg7 65. Rc6 Ra3 66. Rc7+ Kf8 67. Rb7 Rc3 68. Kg2 Rc2+ 69. Kf3 Rc3+ 70. Kf2 Rc6 71. Ke3 Rc3+ 72. Kf2 Ra3 73. Kg2 Kg8 74. Kh3 f5 75. Rc7 Ra6 76. Kg2 Ra2+ 77. Kf3 Ra3+ 78. Kf2 Kf8 79. Rb7 Ra6 80. Kf3 Re6 81. Ra7 Ke8 82. Rb7 Ra6 83. Rg7 Kf8 84. Rb7 Ra3+ 85. Kf2 Ra2+ 86. Kg1 Ra3 87. Kg2 Ra2+ 88. Kh3 Ra6 89. Rc7 Ke8 90. Rg7 Kf8 91. Rb7 Rc6 92. Ra7 Rb6 93. Rc7 Rd6 94. Rc2 Ra6 95. Re2 Kf7 96. Rb2 Kf6 97. Rc2 Rb6 98. Rc4 Ra6 99. Rc5 Ra2 100. Rc6+ Kf7 101. Rb6 Ra3 102. Rd6 Rb3 103. Ra6 Rc3 104. Rb6 Re3 105. Rc6 Re6 106. Rc7+ Kf6 107. Rc3 Ra6 108. Rd3 Ra2 109. Rb3 Ra6 110. Rd3 Rb6 111. Rc3 Rb2 112. Rc6+ Kf7 113. Ra6 Rc2 114. Rb6 Rc3 115. Ra6 Rb3 116. Rc6 Rb7 117. Ra6 Re7 118. Rb6 Re6 119. Rb5 Kf6 120. Rb4 Ra6 121. Rc4 Ra1 122. Rc6+ Kf7 123. Rb6 Rh1+ 124. Kg2 Ra1 1/2-1/2

[Event "GER-ch Net blitz qual1"]
[Site "Playchess.com INT"]
[Date "2021.04.24"]
[Round "8"]
[White "Gnegel, Boris Igor"]
[Black "Sabrowski, Uwe"]
[Result "1-0"]
[WhiteElo "1620"]
[BlackElo "1806"]
[PlyCount "35"]
[EventDate "2021.04.24"]
[EventType "swiss (blitz)"]
[EventRounds "11"]
[EventCountry "GER"]
[SourceTitle "CBM 202 Extra"]
[Source "ChessBase"]
[SourceDate "2021.07.31"]
[SourceVersion "1"]
[SourceVersionDate "2021.07.31"]
[SourceQuality "1"]

1. e4 c5 2. d4 cxd4 3. c3 dxc3 4. Nxc3 Nc6 5. Bc4 d6 6. Nf3 a6 7. 0-0 Nf6 8. e5 dxe5 9. Qxd8+ Nxd8 10. Nxe5 Be6 11. Be3 Nc6 12. Bxe6 Nxe5 13. Bd5 Rb8 14. Bf4 Nfd7 15. Rfe1 f6 16. Be6 Rd8 17. Nd5 Nc5 18. Nc7# 1-0

[Event "GER-ch Net blitz qual1"]
[Site "Playchess.com INT"]
[Date "2021.04.24"]
[Round "9"]
[White "Leidorf, Sebastian"]
[Black "Sabrowski, Uwe"]
[Result "1-0"]
[WhiteElo "1827"]
[BlackElo "1806"]
[PlyCount "79"]
[EventDate "2021.04.24"]
[EventType "swiss (blitz)"]
[EventRounds "11"]
[EventCountry "GER"]
[SourceTitle "CBM 202 Extra"]
[Source "ChessBase"]
[SourceDate "2021.07.31"]
[SourceVersion "1"]
[SourceVersionDate "2021.07.31"]
[SourceQuality "1"]

1. c4 f5 2. g3 Nf6 3. Bg2 g6 4. e3 Bg7 5. Ne2 0-0 6. 0-0 d6 7. Nbc3 e5 8. d3 Qe8 9. Rb1 a5 10. a3 Nc6 11. b4 axb4 12. axb4 h6 13. Qb3 Kh7 14. Nd5 Nxd5 15. cxd5 Nd8 16. Bb2 Bd7 17. Nc3 Bb5 18. Nxb5 Qxb5 19. Rfc1 Qb6 20. Qc4 Rf7 21. Ra1 Rxa1 22. Rxa1 Re7 23. Bc3 Nf7 24. b5 Ng5 25. Ba5 Qa7 26. Bc3 Qb8 27. h4 Nf7 28. Rb1 g5 29. hxg5 hxg5 30. f4 Kg6 31. Kf2 Nh6 32. fxg5 Ng4+ 33. Ke2 Kxg5 34. Rh1 Bf6 35. Bd2 Qa7 36. Bf3 Kg6 37. Bxg4 fxg4 38. Qxg4+ Kf7 39. Rh7+ Ke8 40. Qc8# 1-0

[Event "GER-ch Net blitz qual1"]
[Site "Playchess.com INT"]
[Date "2021.04.24"]
[Round "5"]
[White "Sabrowski, Uwe"]
[Black "Gremmel, Jonas Simon"]
[Result "1-0"]
[WhiteElo "1806"]
[BlackElo "1620"]
[PlyCount "151"]
[EventDate "2021.04.24"]
[EventType "swiss (blitz)"]
[EventRounds "11"]
[EventCountry "GER"]
[SourceTitle "CBM 202 Extra"]
[Source "ChessBase"]
[SourceDate "2021.07.31"]
[SourceVersion "1"]
[SourceVersionDate "2021.07.31"]
[SourceQuality "1"]

1. d4 d5 2. c4 e6 3. Nc3 Nf6 4. cxd5 exd5 5. Bg5 Be7 6. e3 0-0 7. h3 c6 8. Bd3 Re8 9. Nf3 Nbd7 10. Qc2 Nf8 11. Bf4 Ng6 12. Bh2 Bd6 13. Bxd6 Qxd6 14. 0-0-0 b5 15. Kb1 a5 16. g4 Ba6 17. Rhg1 a4 18. h4 a3 19. b3 b4 20. Na4 Bxd3 21. Rxd3 Ne4 22. h5 Nf8 23. Ne5 c5 24. f3 c4 25. Rdd1 cxb3 26. axb3 Nc3+ 27. Nxc3 bxc3 28. Ka2 Rec8 29. Nd3 Ne6 30. g5 Rab8 31. g6 fxg6 32. hxg6 h6 33. f4 Rb5 34. f5 Ng5 35. Rxg5 hxg5 36. Rh1 Rcb8 37. b4 Rxb4 38. Nxb4 Rxb4 39. Rb1 Rb2+ 40. Rxb2 cxb2 41. Qc8+ Qf8 42. Qe6+ Kh8 43. Qxd5 Qd8 44. Qh1+ Kg8 45. Qh7+ Kf8 46. Qh8+ Ke7 47. Qxg7+ Kd6 48. Qe5+ Kc6 49. Qc5+ Kb7 50. Qb4+ Kc8 51. Qc3+ Kb7 52. Qb3+ Kc8 53. Qxa3 Qb6 54. Qc3+ Kd7 55. Qxb2 Qa6+ 56. Qa3 Qe2+ 57. Qb2 Qc4+ 58. Ka1 Qa6+ 59. Kb1 Qd3+ 60. Kc1 Qxe3+ 61. Qd2 Qg1+ 62. Kc2 Qg4 63. Qd3 Qg2+ 64. Kc3 Qc6+ 65. Kb4 Qb6+ 66. Qb5+ Qxb5+ 67. Kxb5 Ke7 68. g7 Kf7 69. d5 g4 70. d6 g3 71. d7 g2 72. g8Q+ Kxg8 73. d8Q+ Kf7 74. Qd1 Kf6 75. Qg1 Kxf5 76. Qxg2 1-0

[Event "DSOL 02 Liga Gr-B 1st"]
[Site "Playchess.com INT"]
[Date "2020.07.22"]
[Round "5.2"]
[White "Sabrowski, Uwe"]
[Black "Schmidt, Markus"]
[Result "0-1"]
[WhiteElo "1958"]
[BlackElo "2039"]
[PlyCount "96"]
[EventDate "2020.06.22"]
[EventType "team-tourn (rapid)"]
[EventCountry "GER"]
[SourceTitle "EXT 2021"]
[Source "ChessBase"]
[SourceDate "2020.10.23"]
[SourceVersion "1"]
[SourceVersionDate "2020.10.23"]
[SourceQuality "1"]
[WhiteTeam "Berolina Mitte"]
[BlackTeam "Niederbrechen"]
[WhiteTeamCountry "GER"]
[BlackTeamCountry "GER"]

1. d4 Nf6 2. c4 g6 3. Nc3 Bg7 4. e4 d6 5. Be2 0-0 6. Bg5 Na6 7. h4 e5 8. d5 h6 9. Be3 Nc5 10. Qc2 c6 11. h5 cxd5 12. cxd5 Qa5 13. hxg6 Ncxe4 14. gxf7+ Rxf7 15. Bxh6 Nxf2 16. Rh4 N6g4 17. Bxg7 Rxg7 18. Qd2 Qc5 19. Bxg4 Nd3+ 20. Kf1 Bxg4 21. Rxg4 Rf8+ 22. Nf3 Rxg4 23. Qxd3 Rxf3+ 24. Qxf3 Rf4 25. Rd1 Rxf3+ 26. gxf3 Qe3 27. Kg2 b5 28. a3 a5 29. Rf1 b4 30. axb4 axb4 31. Ne4 Qd4 32. Rf2 Qb6 33. Rd2 Kf7 34. Kf1 Kg6 35. Ke2 Kf5 36. Rd3 Kf4 37. Nd2 Qb5 38. b3 Qe8 39. Ne4 Qg6 40. Nf2 Qg2 41. Re3 Kg3 42. f4+ Kxf4 43. Rh3 Qxd5 44. Rh4+ Kg5 45. Rxb4 Qc6 46. Ne4+ Kf5 47. Ng3+ Ke6 48. Rc4 Qg2+ 0-1

[Event "DSOL 02 Liga Gr-B 1st"]
[Site "Playchess.com INT"]
[Date "2020.07.17"]
[Round "4.2"]
[White "Koop, Soeren"]
[Black "Sabrowski, Uwe"]
[Result "1/2-1/2"]
[WhiteElo "2077"]
[BlackElo "1958"]
[PlyCount "59"]
[EventDate "2020.06.22"]
[EventType "team-tourn (rapid)"]
[EventCountry "GER"]
[SourceTitle "EXT 2021"]
[Source "ChessBase"]
[SourceDate "2020.10.23"]
[SourceVersion "1"]
[SourceVersionDate "2020.10.23"]
[SourceQuality "1"]
[WhiteTeam "Wrist Kellinghusen"]
[BlackTeam "Berolina Mitte"]
[WhiteTeamCountry "GER"]
[BlackTeamCountry "GER"]

1. e4 c5 2. Nc3 Nc6 3. Bb5 Nd4 4. Bc4 e6 5. Nge2 Nxe2 6. Qxe2 d6 7. d3 g6 8. 0-0 Bg7 9. f4 Ne7 10. f5 Nc6 11. fxe6 Bxe6 12. Nd5 0-0 13. c3 Na5 14. Bb5 a6 15. Ba4 b5 16. Bc2 Bxd5 17. exd5 Qb6 18. Kh1 Rae8 19. Qf3 b4 20. c4 Nb7 21. Rb1 Nd8 22. Ba4 Re7 23. Bf4 f5 24. Rfe1 Qc7 25. Qg3 Nf7 26. Re6 Ne5 27. Bg5 Ref7 28. Be8 f4 29. Bxf7+ Qxf7 30. Qh3 1/2-1/2

[Event "Berlin Lichtenberger op 18th"]
[Site "Berlin"]
[Date "2019.08.23"]
[Round "7"]
[White "Landt, Stefan"]
[Black "Sabrowski, Uwe"]
[Result "1-0"]
[WhiteElo "1910"]
[BlackElo "2073"]
[PlyCount "55"]
[EventDate "2019.08.17"]
[EventType "swiss"]
[EventRounds "9"]
[EventCountry "GER"]
[SourceTitle "EXT 2020"]
[Source "ChessBase"]
[SourceDate "2019.10.17"]
[SourceVersion "1"]
[SourceVersionDate "2019.10.17"]
[SourceQuality "1"]

1. d4 f5 2. g3 g6 3. Bg2 Bg7 4. c4 Nf6 5. Nc3 d6 6. d5 a5 7. Be3 c5 8. Nh3 Na6 9. Ng5 Nc7 10. h4 h6 11. Nh3 Ng4 12. Bd2 Ne5 13. Nf4 h5 14. e4 0-0 15. Qe2 Qe8 16. exf5 Bxf5 17. a4 Bh6 18. Ne4 Ra6 19. Bc3 Qf7 20. Nxc5 Rb6 21. Bxe5 dxe5 22. Qxe5 Ne8 23. Nce6 Nd6 24. Qc3 Bxf4 25. Nxf4 Rb4 26. b3 Qf6 27. Rc1 Be4 28. 0-0 1-0

[Event "Berlin Lichtenberger op 17th"]
[Site "Berlin"]
[Date "2018.08.23"]
[Round "6"]
[White "Sabrowski, Uwe"]
[Black "Neuwald, Volker"]
[Result "1/2-1/2"]
[WhiteElo "2106"]
[BlackElo "1970"]
[PlyCount "113"]
[EventDate "2018.08.18"]
[EventType "swiss"]
[EventRounds "9"]
[EventCountry "GER"]
[SourceTitle "CBM 186 Extra"]
[Source "ChessBase"]
[SourceDate "2018.08.24"]
[SourceVersion "1"]
[SourceVersionDate "2018.08.24"]
[SourceQuality "1"]

1. d4 Nf6 2. Nf3 d5 3. c4 c6 4. Nc3 e6 5. cxd5 exd5 6. Bg5 Be7 7. e3 0-0 8. Bd3 h6 9. Bf4 Be6 10. h3 Nbd7 11. Qc2 Rc8 12. 0-0 Re8 13. Rab1 c5 14. Bf5 Qb6 15. Bxe6 Qxe6 16. Qb3 Rc6 17. Rfe1 Rb6 18. Qd1 Ne4 19. Nxe4 dxe4 20. d5 Qf5 21. g4 Qg6 22. Nd2 h5 23. Qa4 Nf6 24. g5 Rd8 25. Kh2 Nxd5 26. Qxe4 Nxf4 27. exf4 Rxd2 28. Qxg6 Rxg6 29. Rxe7 Rb6 30. Kg3 Rb4 31. Re5 c4 32. f5 Kf8 33. Rbe1 Rd8 34. R1e2 b5 35. Re7 Rxb2 36. R2e5 Rbd2 37. Rxa7 R2d7 38. Rxd7 Rxd7 39. Rxb5 Rc7 40. Rb2 c3 41. Rc2 Rc4 42. Kf3 Rh4 43. Ke3 Rxh3+ 44. f3 Rg3 45. Kf4 h4 46. Rxc3 Rg2 47. Rc8+ Ke7 48. Rh8 Rxa2 49. Rxh4 f6 50. Rg4 fxg5+ 51. Kxg5 Ra6 52. Rb4 Rf6 53. Rb7+ Kf8 54. Rc7 Rb6 55. Rd7 Rc6 56. Rd4 Kf7 57. Kf4 1/2-1/2

[Event "Berlin Lichtenberger op 17th"]
[Site "Berlin"]
[Date "2018.08.21"]
[Round "4"]
[White "Sabrowski, Uwe"]
[Black "Fuhr, Michael"]
[Result "1-0"]
[WhiteElo "2106"]
[BlackElo "1853"]
[PlyCount "49"]
[EventDate "2018.08.18"]
[EventType "swiss"]
[EventRounds "9"]
[EventCountry "GER"]
[SourceTitle "CBM 186 Extra"]
[Source "ChessBase"]
[SourceDate "2018.08.24"]
[SourceVersion "1"]
[SourceVersionDate "2018.08.24"]
[SourceQuality "1"]

1. d4 d5 2. Nf3 Nf6 3. c4 c6 4. Nc3 e6 5. cxd5 exd5 6. Bg5 Be7 7. e3 h6 8. Bf4 Nbd7 9. Bd3 0-0 10. Qc2 Re8 11. 0-0 Nf8 12. Rab1 Bd6 13. Bxd6 Qxd6 14. b4 Be6 15. b5 c5 16. dxc5 Qxc5 17. Ne2 Qxc2 18. Bxc2 Rec8 19. Rfc1 Ne4 20. Rb4 Nd6 21. Nfd4 Rc4 22. Rxc4 Nxc4 23. Bb3 Rc8 24. e4 Rd8 25. exd5 1-0

[Event "Berlin Lichtenberger op 15th"]
[Site "Berlin"]
[Date "2016.08.16"]
[Round "4"]
[White "Sabrowski, Uwe"]
[Black "Ritter, Uwe1"]
[Result "1/2-1/2"]
[WhiteElo "2104"]
[BlackElo "1928"]
[PlyCount "83"]
[EventDate "2016.08.13"]
[EventType "swiss"]
[EventRounds "9"]
[EventCountry "GER"]
[SourceTitle "CBM 173 Extra"]
[Source "ChessBase"]
[SourceDate "2016.08.29"]
[SourceVersion "1"]
[SourceVersionDate "2016.08.29"]
[SourceQuality "1"]

1. d4 f5 2. e4 fxe4 3. Nc3 Nf6 4. Bg5 c6 5. f3 e3 6. Qd3 d5 7. 0-0-0 Nbd7 8. Qxe3 Nb6 9. Re1 Bf5 10. Qe5 Qd7 11. Bxf6 gxf6 12. Qxf6 0-0-0 13. Qe5 Bh6+ 14. Kb1 Bd2 15. Rd1 Bxc3 16. bxc3 Na4 17. Ne2 c5 18. Kc1 Bg6 19. Nf4 Nxc3 20. Nxg6 hxg6 21. Re1 Nxa2+ 22. Kd2 Qa4 23. dxc5 Qa5+ 24. Ke2 Qxc5 25. Qb2 Nc3+ 26. Kd3 d4 27. Qb3 Qf5+ 28. Kd2 Qf4+ 29. Kd3 Rd7 30. Qc4+ Rc7 31. Qe6+ Kb8 32. Qe5 Qf5+ 33. Qxf5 gxf5 34. Kxd4 Rd8+ 35. Ke5 e6 36. Bd3 Rc5+ 37. Kxe6 Rh8 38. h4 Rh6+ 39. Kf7 Rc7+ 40. Kg8 Rg6+ 41. Kh8 Ne4 42. Bxe4 1/2-1/2

[Event "Berlin Lichtenberger op 14th"]
[Site "Berlin"]
[Date "2015.08.19"]
[Round "5"]
[White "Sabrowski, Uwe"]
[Black "Casny, Guenter"]
[Result "1-0"]
[WhiteElo "2082"]
[BlackElo "1838"]
[PlyCount "63"]
[EventDate "2015.08.15"]
[EventType "swiss"]
[EventRounds "9"]
[EventCountry "GER"]
[SourceTitle "EXT 2016"]
[Source "ChessBase"]
[SourceDate "2015.10.08"]
[SourceVersion "1"]
[SourceVersionDate "2015.10.08"]
[SourceQuality "1"]

1. d4 Nf6 2. c4 g6 3. Nc3 Bg7 4. e4 0-0 5. Be2 d6 6. Bg5 Nbd7 7. Qd2 c5 8. d5 b6 9. h4 Ba6 10. Rc1 Rb8 11. a4 Qc7 12. Bh6 Rfe8 13. Bxg7 Kxg7 14. h5 Ng8 15. hxg6 fxg6 16. Nh3 Ndf6 17. g4 Bc8 18. g5 Nd7 19. Nf4 Nf8 20. Nb5 Qb7 21. Qc3+ Kf7 22. e5 dxe5 23. Nd3 Rd8 24. Nxe5+ Ke8 25. Nc6 Bd7 26. Nxd8 Kxd8 27. Qg7 Bxb5 28. axb5 Kd7 29. Qxg8 Re8 30. Qf7 Qc7 31. d6 Qd8 32. Bg4+ 1-0

[Event "Berlin Lichtenberger op 14th"]
[Site "Berlin"]
[Date "2015.08.16"]
[Round "2"]
[White "Muse, Drazen"]
[Black "Sabrowski, Uwe"]
[Result "1/2-1/2"]
[WhiteElo "2408"]
[BlackElo "2082"]
[PlyCount "174"]
[EventDate "2015.08.15"]
[EventType "swiss"]
[EventRounds "9"]
[EventCountry "GER"]
[SourceTitle "EXT 2016"]
[Source "ChessBase"]
[SourceDate "2015.10.08"]
[SourceVersion "1"]
[SourceVersionDate "2015.10.08"]
[SourceQuality "1"]

1. d4 Nf6 2. c4 e6 3. Nf3 d5 4. Nc3 Nbd7 5. Bf4 c6 6. e3 Qa5 7. Nd2 Bb4 8. Qc2 Nb6 9. Bc7 Bxc3 10. bxc3 Qa4 11. Qb3 dxc4 12. Nxc4 Qxb3 13. axb3 Nbd5 14. Be5 a6 15. Nd6+ Ke7 16. c4 Nb6 17. Be2 Rg8 18. e4 Ne8 19. c5 Nd7 20. Bg3 f6 21. b4 Nf8 22. b5 cxb5 23. Bxb5 Nxd6 24. Bxd6+ Kf7 25. Ke2 Ng6 26. Ke3 Ne7 27. Rhb1 g5 28. Bc4 Re8 29. Rb6 Nd5+ 30. exd5 exd5+ 31. Be5 dxc4 32. Rxf6+ Kg8 33. Rh6 Re7 34. h4 g4 35. f4 Be6 36. Ke4 Rd8 37. Rxe6 Rxe6 38. d5 Ree8 39. Kd4 c3 40. Rc1 Rd7 41. Rxc3 Red8 42. d6 Kf7 43. h5 Ke6 44. Ke4 Rf7 45. c6 bxc6 46. Rxc6 Rdd7 47. Rxa6 Rf5 48. Ra8 Rxh5 49. Rg8 Rf5 50. Rxg4 Rff7 51. Rg3 Rxd6 52. Bxd6 Kxd6 53. f5 Ke7 54. Ra3 Kf6 55. Kf4 Rb7 56. Ra6+ Kf7 57. Kg5 Kg7 58. g4 Rc7 59. Kh5 Rf7 60. Re6 Rb7 61. g5 Rb1 62. Re7+ Kg8 63. f6 Rf1 64. Rg7+ Kh8 65. Kg4 Rf2 66. Rd7 Kg8 67. Kg3 Rf1 68. Kg4 Rf2 69. Rd3 Kf7 70. Rh3 Kg8 71. Rf3 Rb2 72. Kf5 Kf7 73. Re3 Rb5+ 74. Re5 Rb7 75. Rc5 Ra7 76. Rc8 Ra5+ 77. Kg4 Ra4+ 78. Kh5 Ra1 79. Rc7+ Kg8 80. Rg7+ Kh8 81. g6 Rh1+ 82. Kg5 hxg6 83. Rb7 Kg8 84. Rg7+ Kf8 85. Ra7 Rg1+ 86. Kh6 Rh1+ 87. Kxg6 Rg1+ 1/2-1/2